Normal view
MARC view
Entry Personal Name
001 - CONTROL NUMBER
- control field: 246003
003 - CONTROL NUMBER IDENTIFIER
- control field: OSt
005 - DATE AND TIME OF LATEST TRANSACTION
- control field: 20251117161614.0
008 - FIXED-LENGTH DATA ELEMENTS
- fixed length control field: 251117|| aca||aabn | a|a d
040 ## - CATALOGING SOURCE
- Original cataloging agency: OSt
- Transcribing agency: OSt
100 ## - HEADING--PERSONAL NAME
- Personal name: NAGABHUSHANA (D S)
- Dates associated with a name: ನಾಗಭೂಷಣ (ಡಿ ಎಸ್)
670 ## - SOURCE DATA FOUND
- Source citation: Work cat.: (OSt)139250: NAGABHUSHANA (D S) ನಾಗಭೂಷಣ (ಡಿ ಎಸ್), Idu bharata: Samajavadi sankathanagalu -2, 2008